Vista normal Vista MARC

Entrada Nombre personal

Número de registros utilizados en: 1

001 - NÚMERO DE CONTROL

  • Campo de control: 45686

003 - IDENTIFICADOR DE NÚMERO DE CONTROL

  • Campo de control: OSt

005 - FECHA Y HORA DE LA ULTIMA MODIFICACION

  • Campo de control: 20210831132359.0

008 - ELEMENTOS DE DATOS DE LONGITUD FIJA

  • Campo de longitud fija: 210831|| aca||aabn | a|a d

040 ## - FUENTE DE LA CATALOGACIÓN

  • Agencia original de catalogación: OSt

100 1# - ENCABEZAMIENTO--NOMBRE DE PERSONA

  • Nombre personal: Deleón Orellana Joselin Elizabeth

670 ## - FUENTE DE DATOS ENCONTRADOS

  • Fuente de citación: Investigación, el involucramiento de los padres de familia en la educación de sus hijos en las clases virtuales del segundo y tercer grado del Colegio belén en el año 2021.

670 ## - FUENTE DE DATOS ENCONTRADOS

  • Fuente de citación: BMC.- 31-08-2021